00570nam a2200145Ia 4500082001200000100002300012245014900035260003100184300001800215650003900233650006000272650003200332650004600364710001400410 aTR.0174 aReddy, M. Gopinath 0aParticipation of rural poor in rural development and delivery systems : A case study of integrated rural development programme in Andhra Pradesh c1988bUniversity of Mysore a336p. + C D-3 aLEADERSHIP, RURAL - ANDHRA PRADESH aINTEGRATED RURAL DEVELOPMENT PROGRAMME - ANDHRA PRADESH aRURAL POOR - ANDHRA PRADESH aRURAL DEVELOPMENT - CITIZEN PARTICIPATION aRoy, Amal